| 000 | 00670cam a2200145 4500500 | ||
|---|---|---|---|
| 005 | 20251228082901.0 | ||
| 041 | _afre | ||
| 042 | _adc | ||
| 100 | 1 | 0 |
_aGodard de Donville, Louise _eauthor |
| 245 | 0 | 0 | _aMarie-Françoise Baverel-Croissant, La vie et les œuvres complètes de Jacques Vallée Des Barreaux (1599-1673), « Libre pensée et littérature clandestine », Paris, H. Champion, 2001. Un vol. 15,5 × 22,5 cm de 453 p. |
| 260 | _c2005. | ||
| 500 | _a11 | ||
| 786 | 0 | _nDix-septième siècle | 226 | 1 | 2005-03-01 | p. 165c-186c | 0012-4273 | |
| 856 | 4 | 1 | _uhttps://shs.cairn.info/revue-dix-septieme-siecle-2005-1-page-165c?lang=fr&redirect-ssocas=7080 |
| 999 |
_c1599971 _d1599971 |
||